Directory of web sites for exporters.

Bibliographic Details
Corporate Author: Malta External Trade Corporation (METCO)
Format: Book
Published: San Gwann: Malta External Trade Corporation, 2001.
Edition:2nd ed..
Subjects:
LEADER 00495cam a2200157 7i4500
001 0000010149
005 20220119090000.0
020 0 0 |a 9990987068  
090 0 0 |a I 004.678   |b DIR 
245 0 0 |a Directory of web sites for exporters. 
250 0 0 |a 2nd ed.. 
260 0 0 |a San Gwann:   |b Malta External Trade Corporation,   |c 2001. 
300 # # |a 59 p. 
650 0 0 |a Websites --   |x Directories  
710 2 1 |a Malta External Trade Corporation (METCO)  
999 |a 0000012620  |b Directories  |c International  |e Business Information Centre